Nezamestnanosť a podpora uplatnenia absolventov na trhu práce
Vývoj miery evidovanej nezamestnanosti v rokoch 2009 a 2008 v SR. Štruktúra dlhodobo nezamestnaných v evidencii uchádzačov o zamestnanie. Absolventi na slovenskom trhu práce. Vývoj absolventskej miery nezamestnanosti podľa druhu školy (2009-2010). Záujem zamestnávateľov o absolventov podľa zamerania...
Na minha lista:
| Autor principal: | |
|---|---|
| Outros Autores: | |
| Formato: | Capítulo de Livro |
| Idioma: | eslovaco |
| Assuntos: | |
| Tags: |
Sem tags, seja o primeiro a adicionar uma tag!
|
MARC
| LEADER | 00000naa a2200000 4500 | ||
|---|---|---|---|
| 001 | 0136724 | ||
| 005 | 20240711075959.0 | ||
| 041 | 0 | |a slo | |
| 044 | |a CZ | ||
| 245 | 1 | 0 | |a Nezamestnanosť a podpora uplatnenia absolventov na trhu práce |c Mária Husáková, Michaela Pechová |
| 520 | |a Vývoj miery evidovanej nezamestnanosti v rokoch 2009 a 2008 v SR. Štruktúra dlhodobo nezamestnaných v evidencii uchádzačov o zamestnanie. Absolventi na slovenskom trhu práce. Vývoj absolventskej miery nezamestnanosti podľa druhu školy (2009-2010). Záujem zamestnávateľov o absolventov podľa zamerania fakúlt. Absolventská prax. | ||
| 610 | 2 | 0 | |a trh práce |
| 610 | 2 | 0 | |a zamestnanosť |
| 610 | 2 | 0 | |a nezamestnanosť |
| 610 | 2 | 0 | |a absolventi |
| 610 | 2 | 0 | |a školy stredné |
| 610 | 2 | 0 | |a školy stredné odborné |
| 610 | 2 | 0 | |a školy vysoké |
| 610 | 2 | 0 | |a Slovensko |
| 610 | 2 | 0 | |a štatistika |
| 100 | 1 | |a Husáková, Mária | |
| 700 | 1 | |a Pechová, Michaela, 1977- | |